| 000 | 00440nam a2200169Ia 4500 | ||
|---|---|---|---|
| 003 | GCL | ||
| 008 | 140319s9999 xx 000 0 eng d | ||
| 040 |
_aGCL / _cGCL |
||
| 082 | 0 | 4 |
_a335.02 _bK U |
| 100 | 1 | _aKUMAR, KRISHAN | |
| 245 | 1 | 0 |
_aUTOPIAS AND ANTI - UTOPIAIN MODERN TIMES / _cKUMAR, KRISHAN |
| 260 |
_a[S.N] : _bBasil Block Well Ltd ، _c1991 |
||
| 300 | _a506 P | ||
| 650 | 0 | 4 | _aUTOPIAS |
| 650 | 0 | 4 | _aDYSTOPIAS |
| 942 |
_2ddc _cBK |
||
| 999 |
_c21033 _d21033 |
||